Central Library OPAC University of Rajshahi

Lawyers' etiquette : (Record no. 5562)

MARC details
000 -LEADER
fixed length control field 00723cam a2200229u 4500
001 - CONTROL NUMBER
control field 5562
003 - CONTROL NUMBER IDENTIFIER
rucl marc code BD-RjUL
005 - DATE AND TIME OF LATEST TRANSACTION
control field 20211208234104.0
008 - FIXED-LENGTH DATA ELEMENTS--GENERAL INFORMATION
fixed length control field 131226s1962 ii 001 0 eng
035 ## - SYSTEM CONTROL NUMBER
System control number (BD-RjUL)5600
040 ## - CATALOGING SOURCE
Original cataloging agency DLC
Transcribing agency CarP
Modifying agency DLC
-- BD-RjUL
Language of cataloging eng
041 ## - LANGUAGE CODE
Language code of text/sound track or separate title eng
082 04 - DEWEY DECIMAL CLASSIFICATION NUMBER
Edition number 16
Classification number 340.069
Author mark and year SHL 1962
100 1# - MAIN ENTRY--PERSONAL NAME
Personal name Shangloo, Suraj Krishna. [from old catalog]
9 (RLIN) 17432
245 10 - TITLE STATEMENT
Title Lawyers' etiquette :
Remainder of title a brilliant exposition of an ethical code for the legal profession ... /
Statement of responsibility, etc. Suraj Krishna shangloo
260 ## - PUBLICATION, DISTRIBUTION, ETC. (IMPRINT)
Place of publication, distribution, etc. Allahabad,
Name of publisher, distributor, etc. Law Book Co.,
Date of publication, distribution, etc. 1962.
300 ## - PHYSICAL DESCRIPTION
Pagination xi, 169 p. ;
Size 22 cm.
650 #0 - SUBJECT ADDED ENTRY--TOPICAL TERM
Topical term or geographic name as entry element Legal ethics
Geographic subdivision India.
9 (RLIN) 13691
942 ## - ADDED ENTRY ELEMENTS (KOHA)
Source of classification or shelving scheme Dewey Decimal Classification
Koha item type Books
Holdings
Lost status Source of classification or shelving scheme Damaged status Not for loan Collection code Permanent Location Current Location Shelving location Date acquired Source of acquisition Cost, normal purchase price Total Checkouts Full call number Date last seen Copy number Koha item type
  Dewey Decimal Classification   Not For Loan Non-fiction Central Library, University of Rajshahi Central Library, University of Rajshahi   27/05/1964 Pak. Law House 6.00   340.069 SHL 1962 26/12/2013 C-1 Books